| 000 | 01150cad a22002655a 4500 | ||
|---|---|---|---|
| 001 | L153930 | ||
| 008 | 110923s2011 xxkqr p 0 a0eng u | ||
| 035 | _a(Sirsi) u153930 | ||
| 041 | 0 | _aeng | |
| 100 | 1 | _aStone, Jonathan | |
| 245 | 0 | 4 |
_aThe UK's Construction Act gets its first face-lift _h[electronic resource] |
| 260 |
_a[S.l.] _bReed Smith _c2011 |
||
| 520 | _aAddresses the forthcoming changes to the Construction Act - how they will affect you, what the key changes are, adjudication, suspension, payment. | ||
| 590 | _aKA NTK | ||
| 650 | 2 | 4 | _aHOUSING GRANTS, CONSTRUCTION AND REGENERATION ACT 1996 |
| 650 | 2 | 4 | _aLOCAL DEMOCRACY, ECONOMIC DEVELOPMENT AND CONSTRUCTION ACT 2009 |
| 651 | 4 |
_aEngland and Wales _y1543- |
|
| 690 | _aBUILT ENVIRONMENT-CONSTRUCTION MANAGEMENT-BUILDING CONTRACT ADMINISTRATION | ||
| 690 |
_aProcurement _96260 |
||
| 700 | 1 | _aParrott, Christopher | |
| 700 | 1 | _aCrowther, Elinor | |
| 710 | 1 | _aReed Smith | |
| 856 | 4 | 0 |
_uhttps://www.mondaq.com/x/144834/Building+Construction/The+UKs+Construction+Act+Gets+Its+First+FaceLift&email_access=on _zView the article free of charge at www.mondaq.com |
| 942 | _n0 | ||
| 999 |
_c112770 _d112770 |
||